000 00567nam a22001817a 4500
999 _c190031
_d190031
005 20220715165053.0
010 _aENG-133613
020 _c525.00
_a9789390961320
035 _aEN-117145
037 _bDBAD/PUB
082 _a791.43615
100 _aTalwar,Shyaonti
245 _aThe devi in the diva:
_cby Shyaonti Talwar
_bmyths archetypes brands films/
260 _aNew Delhi
_c2022
_bVitasta Publishing
270 _a2/15 Ansari Road,Daryaganj,
_bNew Delhi
_e110002
300 _a320p.
_c22cm(pbk)
_bill
942 _2ddc
_cEN
_h791.43615
_mTAL